Normal view
MARC view
Entry Personal Name
001 - CONTROL NUMBER
- control field: 68112
003 - CONTROL NUMBER IDENTIFIER
- control field: dpl
005 - DATE AND TIME OF LATEST TRANSACTION
- control field: 20240704115344.0
008 - FIXED-LENGTH DATA ELEMENTS
- fixed length control field: 240704|| aca||aabn | a|a d
040 ## - CATALOGING SOURCE
- Original cataloging agency: dpl
- Transcribing agency: dpl
100 ## - HEADING--PERSONAL NAME
- Personal name: Tripathi, P.K
670 ## - SOURCE DATA FOUND
- Source citation: Work cat.: (dpl)203942: Tripathi, P.K, Handbook On Production, Recycling of Lithium Ion and Lead-Acid Batteries/
